| 000 | 00000nam 2200000za 4500 |
| 001 | 9.800323 |
| 003 | CaOODSP |
| 005 | 20250506145325 |
| 007 | cr ||||||||||| |
| 008 | 150430s1981 xxca |s f|0| 0 eng d |
| 020 | |z0-662-11739-5 |
| 040 | |aCaOODSP|beng |
| 043 | |an-cn--- |
| 086 | 1 |aA73-1106/1981E-PDF |
| 245 | 00|aSkim milk powder |h[electronic resource] / |c[Food Advisory Division, Agriculture Canada]. |
| 250 | |aRev. |
| 260 | |aOttawa : |bAgriculture Canada,|cc1981. |
| 300 | |a29 p. : |bill. |
| 500 | |aOriginally published: 1961. |
| 500 | |aAlso available in French under title: Le lait écrémé en poudre. |
| 500 | |aHistorical publication digitized in 2012 by Agriculture and Agri-Food Canada. |
| 504 | |aIncludes index. |
| 692 | 07|2gccst|aMilk |
| 692 | 07|2gccst|aCooking |
| 710 | 1 |aCanada.|bAgriculture Canada. |
| 775 | 08|tLe lait écrémé en poudre |w(CaOODSP)9.800324 |
| 856 | 40|qPDF|s1.29 MB|uhttps://publications.gc.ca/collections/collection_2015/aac-aafc/A73-1106-1981-eng.pdf |
| 986 | |aPublication 1106/E |